02045nam a22002057a 4500020001800000041000900018082002600027100003200053245007500085250002400160260004100184300002600225504005100251520137100302546001301673650003101686650005301717650002701770650004201797 a9781032125312 aeng. a305.6970954162bNAT-M aNath, Monoj Kumar eauthor. aThe Muslim Question in Assam and Northeast India / cMonoj Kumar Nath. aSouth Asia Edition. aNew York :bRoutledge India, c2021. a240p.billustrations. aIncludes bibliographical references and index. aThis book presents a systematic study of the transformation of the specific socio-political identity of the Muslims in Assam. It discusses the issues of Muslims under India’s ‘indigenous secularism’, Hindu nationalism and the rise of majoritarian politics; Muslim immigration into Assam after Independence; the Assam Movement and the shift of Muslims from being a vote bank to an autonomous force in the post-Partition politics of Assam; the role of Jamiat; and the divide between Assamese and the neo-Assamese. It explores the history and contemporary politics of the state to show how they shape the new context of Muslim identity in Assam, where previously an Assamese identity often prevailed over religious and linguistic identity. With the current debates on illegal immigration, the National Register of Citizens of India (NRC) and the Citizenship (Amendment) Act 2019, this book will be a timely addition to the existing literature on Muslim minority politics in Assam and northeast India. This book will be useful to scholars and researchers of political science, sociology, political sociology, minority studies, northeast India studies, demography and immigration studies, and development studies. It will interest those concerned with minority politics, communal politics, identity politics, migration, citizenship issues, and South Asian studies. aEnglish. aMuslimsxSocial conditions aSocio-political identityxIndigenous Secularism. aMuslim Identity.zAsam aIllegal ImmigrationzNortheast India.